| 000 | 00519nam a22001817a 4500 | ||
|---|---|---|---|
| 003 | DO-SdBNP | ||
| 005 | 20180223112705.0 | ||
| 008 | 160314b 19uu xxx a 00| 0 spa d | ||
| 040 |
_aBPMSU _bspa _cBPMSU |
||
| 082 | 4 |
_axxxxx _bxxxxx |
|
| 100 | 1 | 0 | _aSaint-Exupéry, Antoine de |
| 245 | 1 | 3 |
_aEl principito / _cAntoine de Saint Exupéry |
| 260 |
_a(s.l) : _b(s.n.), _c(s.f.). |
||
| 300 |
_a111 p. : _bil., _c20 cm. |
||
| 942 |
_2ddc _cBK |
||
| 945 | _aInventariado, 2018 / BT | ||
| 956 |
_aBTAVAREZ _b10 _dBPMSU _f20160314 _h0038 |
||
| 999 |
_c9214 _d9214 |
||